Sports Quiz

Random Sports or Football Quiz

NFL 1st Round Quarterbacks Quiz Stats

 Plays Quiz Updated Apr 25, 2019

Score 0/89 Timer 08:00
109 Plays Today
Year Quarterback % Correct
1998Peyton Manning
94.7%
2004Eli Manning
94.7%
2012Andrew Luck
89.1%
2008Matt Ryan
88.5%
2012Robert Griffin III
87.6%
2005Alex Smith
87%
2015Jameis Winston
86.7%
2018Baker Mayfield
86.6%
2008Joe Flacco
86.1%
2015Marcus Mariota
86.1%
2019Kyler Murray
86.1%
2009Matt Stafford
85.8%
2018Lamar Jackson
85.6%
1999Akili Smith
84.8%
2005Aaron Rodgers
84.6%
2016Carson Wentz
84%
2018Josh Rosen
83.8%
2006Vince Young
83.7%
2009Mark Sanchez
83.3%
2014Johnny Manziel
83.1%
2014Teddy Bridgewater
82.7%
2018Sam Darnold
82.5%
2014Blake Bortles
82.3%
2017Deshaun Watson
82.1%
2016Jared Goff
82%
2019Daniel Jones
81.7%
2018Josh Allen
81.6%
2004Philip Rivers
81.5%
2019Dwayne Haskins
79.8%
2007JaMarcus Russell
79.6%
Year Quarterback % Correct
2012Ryan Tannehill
78.7%
2006Jay Cutler
78.6%
2003Carson Palmer
78.3%
2017Patrick Mahomes
76.3%
2001Michael Vick
75.7%
2017Mitchell Trubisky
74.9%
2004Ben Roethlisberger
74.8%
1999Donovan McNabb
74.4%
2013EJ Manuel
71.6%
1983John Elway
71.5%
2002David Carr
71%
2016Paxton Lynch
70%
2006Matt Leinart
69.7%
1983Dan Marino
68.4%
2007Brady Quinn
66.9%
2009Josh Freeman
64.4%
2003Rex Grossman
62.5%
1998Ryan Leaf
61.9%
1993Drew Bledsoe
61.3%
1999Daunte Culpepper
59.7%
2012Brandon Weeden
59.5%
2005Jason Campbell
59.3%
1999Tim Couch
58.1%
1989Troy Aikman
57.9%
2010Sam Bradford
56.2%
2010Tim Tebow
54.4%
1983Jim Kelly
54.1%
2000Chad Pennington
53.2%
2003Byron Leftwich
52%
2004J.P. Losman
51.4%
Year Quarterback % Correct
2002Joey Harrington
50%
1995Steve McNair
48.8%
2011Cam Newton
44.6%
1987Vinny Testaverde
41.5%
2003Kyle Boller
40.7%
2011Christian Ponder
34.5%
1995Kerry Collins
34.5%
2011Jake Locker
33%
2011Blaine Gabbert
32.5%
1990Jeff George
31.4%
1999Cade McNown
28.4%
1994Trent Dilfer
27.5%
1993Rick Mirer
23.3%
2002Patrick Ramsey
22.9%
1983Ken O'Brien
22.6%
1983Tony Eason
20.4%
1994Heath Shuler
20%
1987Jim Harbaugh
19.9%
1990Andre Ware
19.7%
1983Todd Blackledge
17.6%
1991Todd Marinovich
15.9%
1997Jim Druckenmiller
14.1%
1992Tommy Maddox
13.7%
1992David Klingler
12.8%
1987Chris Miller
11.5%
1991Dan McGwire
10.3%
1986Jim Everett
8.4%
1986Chuck Long
6.4%
1987Kelly Stouffer
4.4%

You're not logged in!

Compare scores with friends on all Sporcle quizzes.
OR
Log In

You Might Also Like...

Show Comments

Extras

Top Quizzes Today


Score Distribution

Your Account Isn't Verified!

In order to create a playlist on Sporcle, you need to verify the email address you used during registration. Go to your Sporcle Settings to finish the process.

Report this User

Report this user for behavior that violates our Community Guidelines.

Details: